[Event "ITA-ch U20"]
[Site "Tarvisio"]
[Date "2023.07.05"]
[Round "4"]
[White "Pilo, Sergio"]
[Black "De Aragao, Marco Aurelio SS"]
[Result "1-0"]
[WhiteElo "1815"]
[BlackElo "1051"]
[PlyCount "77"]
[EventDate "2023.07.02"]
[EventType "swiss"]
[EventRounds "9"]
[EventCountry "ITA"]
[SourceTitle "EXT 2024"]
[Source "ChessBase"]
[SourceDate "2023.10.10"]
[SourceVersion "1"]
[SourceVersionDate "2023.10.10"]
[SourceQuality "1"]

1. e4 e6 2. d4 d5 3. Nc3 Nf6 4. Bg5 Be7 5. e5 Nfd7 6. h4 c5 7. Bxe7 Qxe7 8. Nb5 Nb6 9. Nd6+ Kf8 10. dxc5 N6d7 11. Nxc8 Qxc5 12. Nd6 Nxe5 13. Nb5 Nc4 14. Bxc4 Qxc4 15. Qe2 Qc5 16. 0-0-0 a6 17. Nd4 Nd7 18. Ngf3 h6 19. Ne5 Nxe5 20. Qxe5 Rc8 21. Rh3 Qe7 22. f4 Kg8 23. f5 Re8 24. Re1 g6 25. fxe6 fxe6 26. Qxe6+ Qxe6 27. Rxe6 Kf7 28. Rf3+ Kg7 29. Rfe3 Kf7 30. Rxe8 Rxe8 31. Rxe8 Kxe8 32. Kd2 Kd7 33. Ke3 Kd6 34. Nf3 Ke6 35. Kd4 b6 36. Ne5 g5 37. hxg5 hxg5 38. g4 a5 39. Nf3 1-0